Top 10 Most Remote Asian Capitals - Statistics

General Stats
  • This quiz has been taken 2,073 times
  • The average score is 8 of 11
Answer Stats
Distance Nearest Other Capital % Correct
1,152 km Seoul Tokyo
89%
1,167 km Beijing Ulaanbaatar
88%
898 km Singapore Jakarta
84%
810 km Pyongyang Beijing
81%
1,163 km Taipei Manila
81%
951 km Bishkek Astana
77%
1,163 km Manila Taipei
64%
1,903 km Bandar Seri Begawan Dili
63%
769 km Sri Jayawardenapura Kotte Malé
61%
1,263 km Manila Bandar Seri Begawan
45%
769 km Malé Sri Jayawardenapura Kotte
44%
No matching quizzes found
Score Distribution
Percent of People with Each Score
Percentile by Number Answered
Your Score History
You have not taken this quiz